| 000 | 00440nam a2200181Ia 4500 | ||
|---|---|---|---|
| 001 | 12715 | ||
| 005 | 20260306163002.0 | ||
| 008 | 260306t1975||||xx |||||||||||||| ||spa|| | ||
| 041 | _aESP | ||
| 082 |
_aHR 720 _bN° 178 AA |
||
| 100 |
_aBonnet, Denis, _eAUT |
||
| 245 | 0 |
_aAA : _bl'architecture d'aujourd'hui |
|
| 260 | _c1975 | ||
| 300 |
_alxvi, 118 páginas : _c31 cm. |
||
| 650 | _aGEN | ||
| 654 | _aCAU | ||
| 942 |
_cREV _dJUS _fJUS _2ddc _n |
||
| 999 |
_c12715 _d12715 |
||